[Event "WchT Blitz Pool A"]
[Site "London"]
[Date "2025.06.14"]
[Round "6.4"]
[White "Al Mudahka, Mohd"]
[Black "Dicen, Elis Denele"]
[Result "1-0"]
[WhiteElo "2542"]
[BlackElo "2136"]
[PlyCount "89"]
[EventDate "2025.06.14"]
[EventType "team-tourn"]
[EventRounds "13"]
[EventCountry "ENG"]
[SourceTitle "CB25_2025"]
[SourceDate "2025.06.18"]
[SourceVersion "1"]
[SourceVersionDate "2025.06.18"]
[SourceQuality "1"]
[WhiteTeam "FIDE MB Team"]
[BlackTeam "Chess Trust Accelerators"]
[BlackTeamCountry "ENG"]

1. e4 c5 2. Nc3 Nc6 3. f4 g6 4. Nf3 Bg7 5. Bc4 d6 6. 0-0 e6 7. d3 Nge7 8. Qe1 a6 9. a4 0-0 10. Bb3 d5 11. Qh4 Nd4 12. Nxd4 cxd4 13. Nd1 dxe4 14. dxe4 d3 15. Be3 dxc2 16. Bxc2 Bd7 17. Nc3 Re8 18. Rad1 Qc7 19. Qf2 Rac8 20. Bb6 Qc6 21. a5 Bxc3 22. bxc3 Qxc3 23. Rxd7 Qxc2 24. Qxc2 Rxc2 25. Rxb7 Nc6 26. Rd1 Rc4 27. Rdd7 Rf8 28. Rbc7 e5 29. f5 Rc1+ 30. Kf2 Rc2+ 31. Ke3 Nd4 32. Bxd4 exd4+ 33. Kxd4 Rd2+ 34. Ke5 Ra2 35. Kf6 Rxa5 36. Rxf7 Rxf7+ 37. Rxf7 gxf5 38. Ra7 h5 39. exf5 Ra2 40. g3 a5 41. Kg6 Kf8 42. f6 Ke8 43. f7+ Kf8 44. Ra8+ Ke7 45. f8Q+ 1-0

[Event "WchT Blitz Pool A"]
[Site "London"]
[Date "2025.06.14"]
[Round "8.4"]
[White "Lohia, Sohum"]
[Black "Dicen, Elis Denele"]
[Result "1-0"]
[WhiteElo "2364"]
[BlackElo "2136"]
[PlyCount "75"]
[EventDate "2025.06.14"]
[EventType "team-tourn"]
[EventRounds "13"]
[EventCountry "ENG"]
[SourceTitle "CB25_2025"]
[SourceDate "2025.06.18"]
[SourceVersion "1"]
[SourceVersionDate "2025.06.18"]
[SourceQuality "1"]
[WhiteTeam "Turkish Airlines Sports"]
[BlackTeam "Chess Trust Accelerators"]
[WhiteTeamCountry "TUR"]
[BlackTeamCountry "ENG"]

1. d4 d5 2. Nc3 Nf6 3. Nf3 Bf5 4. e3 e6 5. Ne5 Nbd7 6. g4 Bg6 7. h4 h6 8. Nxg6 fxg6 9. Bd3 Kf7 10. Qf3 Bb4 11. Bd2 c6 12. 0-0-0 Ke7 13. Bxg6 Rf8 14. Qg3 Qa5 15. g5 hxg5 16. hxg5 Ne8 17. Rh7 Rg8 18. e4 Nd6 19. exd5 exd5 20. Kb1 Nc4 21. Bf5 Raf8 22. Qh3 Ndb6 23. Be6 Nxd2+ 24. Rxd2 Nc4 25. Re2 Kd8 26. Bxg8 Rxg8 27. Qe6 Rf8 28. Rxg7 Nb6 29. Rg8 Rxg8 30. Qxg8+ Kc7 31. Qf7+ Nd7 32. Qf4+ Kb6 33. Qf3 Ka6 34. g6 Nb6 35. g7 Nc4 36. Qd3 Bxc3 37. Qxc3 Qb5 38. g8Q 1-0

[Event "WchT Rapid"]
[Site "London"]
[Date "2025.06.12"]
[Round "6.3"]
[White "Dicen, Elis Denele"]
[Black "Duncan, Christopher R"]
[Result "0-1"]
[WhiteElo "1982"]
[BlackElo "2253"]
[PlyCount "182"]
[EventDate "2025.06.11"]
[EventType "team-swiss"]
[EventRounds "12"]
[EventCountry "ENG"]
[SourceTitle "CB25_2025"]
[SourceDate "2025.06.18"]
[SourceVersion "1"]
[SourceVersionDate "2025.06.18"]
[SourceQuality "1"]
[WhiteTeam "Chess Trust Accelerators"]
[BlackTeam "Sassy Seniors"]
[WhiteTeamCountry "ENG"]
[BlackTeamCountry "ENG"]

1. d4 d5 2. c4 e6 3. Nf3 Nf6 4. g3 a6 5. Bg2 dxc4 6. 0-0 Nc6 7. Qc2 Nxd4 8. Nxd4 Qxd4 9. Be3 Qd8 10. Qxc4 Bd6 11. Nc3 0-0 12. Rfd1 Qe7 13. Rac1 Rb8 14. Qh4 h6 15. Ne4 Nxe4 16. Qxe7 Bxe7 17. Bxe4 Bd6 18. Ba7 Ra8 19. Bc5 Rd8 20. Rd3 Kf8 21. Rb3 Bxc5 22. Rxc5 c6 23. Kg2 Ke7 24. Bd3 Rd5 25. Rc1 Kd8 26. Bc4 Rd6 27. Rf3 Ke7 28. Rfc3 Bd7 29. Bd3 Kd8 30. a4 Kc7 31. a5 Rd4 32. Bc4 Rd8 33. b4 Be8 34. Rb1 Kb8 35. Bd3 e5 36. f3 f6 37. Kf2 Bf7 38. Ke3 Be6 39. Rb2 f5 40. Rc5 f4+ 41. Kf2 R8d5 42. Rc3 g5 43. Bc4 Rd6 44. Bd3 h5 45. Rc5 R6d5 46. Rc3 g4 47. Bc4 Rd6 48. Bxe6 Rxe6 49. Rc5 Kc7 50. e3 Rd3 51. fxg4 hxg4 52. exf4 exf4 53. gxf4 Rf3+ 54. Kg2 Rxf4 55. Rc3 Ree4 56. b5 axb5 57. Rxb5 Ra4 58. Rg5 Kb8 59. Rb3 Ka7 60. Re3 Rfd4 61. Ree5 Ra2+ 62. Kg3 Ra3+ 63. Kf2 Rd2+ 64. Re2 Rxe2+ 65. Kxe2 Ra2+ 66. Kd3 Rxh2 67. Rxg4 Rh5 68. Kc4 Rxa5 69. Kb4 Rb5+ 70. Ka4 Kb6 71. Rg6 Rh5 72. Rg4 Kc5 73. Kb3 b5 74. Rg3 Rh4 75. Rg5+ Kb6 76. Ka2 Rh3 77. Rf5 c5 78. Rg5 c4 79. Kb2 Ka5 80. Rg2 Kb4 81. Rf2 Rb3+ 82. Ka2 Rd3 83. Kb2 c3+ 84. Kc1 Kb3 85. Rh2 Rg3 86. Rh1 b4 87. Rf1 Rg2 88. Kb1 Ka3 89. Rc1 c2+ 90. Rxc2 Rxc2 91. Kxc2 Ka2 0-1

[Event "WchT Rapid"]
[Site "London"]
[Date "2025.06.11"]
[Round "1.4"]
[White "Camacho Collados, Marcos"]
[Black "Dicen, Elis Denele"]
[Result "1-0"]
[WhiteElo "2365"]
[BlackElo "1982"]
[PlyCount "83"]
[EventDate "2025.06.11"]
[EventType "team-swiss"]
[EventRounds "12"]
[EventCountry "ENG"]
[SourceTitle "CB25_2025"]
[SourceDate "2025.06.18"]
[SourceVersion "1"]
[SourceVersionDate "2025.06.18"]
[SourceQuality "1"]
[WhiteTeam "Duobeniajan Costa Calida"]
[BlackTeam "Chess Trust Accelerators"]
[WhiteTeamCountry "ESP"]
[BlackTeamCountry "ENG"]

1. d4 d5 2. Nf3 Nf6 3. c3 e6 4. Bg5 Be7 5. Nbd2 c5 6. e3 0-0 7. Bd3 b6 8. Ne5 Ba6 9. Bxa6 Nxa6 10. Nc6 Qc7 11. Nxe7+ Qxe7 12. 0-0 e5 13. dxe5 Qxe5 14. Nf3 Qe6 15. Bxf6 gxf6 16. Qa4 Nb8 17. b4 Nd7 18. Rfd1 Ne5 19. Nxe5 fxe5 20. bxc5 bxc5 21. Rab1 Rfd8 22. h3 Kh8 23. Rb7 Rg8 24. Qd7 Rg7 25. Rxd5 Qf6 26. Qd6 Qxd6 27. Rxd6 Rag8 28. g3 e4 29. Rxa7 Rb8 30. Rf6 h5 31. Rfxf7 Rg6 32. Rh7+ Kg8 33. Rxh5 c4 34. Rh4 Re6 35. Rc7 Rb1+ 36. Kg2 Rb2 37. Rg4+ Kh8 38. Rf4 Kg8 39. a4 Rd6 40. Rxe4 Rd8 41. Rg4+ Kh8 42. Rc5 1-0

[Event "WchT Rapid"]
[Site "London"]
[Date "2025.06.11"]
[Round "3.4"]
[White "Dicen, Elis Denele"]
[Black "Sava, Christiansen Danut"]
[Result "1-0"]
[WhiteElo "1982"]
[BlackElo "1971"]
[PlyCount "85"]
[EventDate "2025.06.11"]
[EventType "team-swiss"]
[EventRounds "12"]
[EventCountry "ENG"]
[SourceTitle "CB25_2025"]
[SourceDate "2025.06.18"]
[SourceVersion "1"]
[SourceVersionDate "2025.06.18"]
[SourceQuality "1"]
[WhiteTeam "Chess Trust Accelerators"]
[BlackTeam "xChess.AI"]
[WhiteTeamCountry "ENG"]
[BlackTeamCountry "ROU"]

1. d4 d5 2. c4 c6 3. Nf3 Nf6 4. Nc3 e6 5. cxd5 cxd5 6. Bg5 Be7 7. e3 Nc6 8. Bd3 0-0 9. 0-0 h6 10. Bh4 Bd7 11. Rc1 Rc8 12. Qe2 Re8 13. Rfd1 Qa5 14. Bb1 a6 15. Ne5 Nxe5 16. dxe5 Nh7 17. Bxe7 Rxe7 18. Nxd5 exd5 19. Rxc8+ Bxc8 20. Qc2 Nf8 21. Qxc8 Rc7 22. Qg4 Rc4 23. Qf3 d4 24. Qe2 Qc5 25. Bd3 Rb4 26. a3 Rb6 27. exd4 Qd5 28. Bc4 Qd8 29. h3 Rg6 30. Qf3 Qe7 31. b4 Ne6 32. Kh2 Ng5 33. Qe3 Rc6 34. Bd5 Rc2 35. f4 Ne6 36. Be4 Rc8 37. d5 Nf8 38. d6 Qd7 39. Qb6 Rc3 40. Qxb7 Qa4 41. Rd2 Nd7 42. Qa8+ Nf8 43. d7 1-0

[Event "EU-ch (Women) 25th"]
[Site "Rhodes"]
[Date "2025.04.11"]
[Round "11"]
[White "Radeva, Viktoria"]
[Black "Dicen, Elis Denele"]
[Result "1-0"]
[WhiteElo "2265"]
[BlackElo "2129"]
[PlyCount "125"]
[EventDate "2025.03.31"]
[EventType "swiss"]
[EventRounds "11"]
[EventCountry "GRE"]
[SourceTitle "CB16_2025"]
[SourceDate "2025.04.16"]
[SourceVersion "1"]
[SourceVersionDate "2025.04.16"]
[SourceQuality "1"]

1. e4 c5 2. Nc3 Nc6 3. Nge2 g6 4. d4 cxd4 5. Nxd4 Bg7 6. Nb3 Nf6 7. Be3 d6 8. f3 0-0 9. Qd2 Be6 10. 0-0-0 Ne5 11. Kb1 Rc8 12. Be2 Bc4 13. g4 Bxe2 14. Qxe2 Nc4 15. Bc1 Qb6 16. h4 h6 17. g5 Nh5 18. Nd5 Qd8 19. gxh6 Bf6 20. Nxf6+ exf6 21. Rhg1 Qe7 22. Rd5 Kh7 23. f4 f5 24. Rd4 b5 25. Qd3 fxe4 26. Rxe4 Qf6 27. f5 Ne5 28. fxg6+ fxg6 29. Qxb5 Qf2 30. Rge1 Qxc2+ 31. Ka1 Rc7 32. a3 Rff7 33. Nd4 Qd3 34. Rxe5 Qxd4 35. Re6 Qxh4 36. Bg5 Qc4 37. Qe8 Qc5 38. Re7 Qd5 39. Rxc7 Rxc7 40. Be7 Qg8 41. Qxg8+ Kxg8 42. Bxd6 Rd7 43. Re6 Kh7 44. Bc5 Kxh6 45. Ra6 Kg5 46. Rxa7 Rd1+ 47. Ka2 Kf5 48. b4 Nf6 49. Rf7 Ke6 50. Rg7 Kf5 51. a4 Ne4 52. Rc7 g5 53. a5 g4 54. a6 Nc3+ 55. Kb3 Nd5 56. Rg7 Ra1 57. a7 Ke6 58. Kc4 Rc1+ 59. Kb5 Ra1 60. Kc6 Ra6+ 61. Kb7 Ra4 62. a8Q Rxa8 63. Kxa8 1-0

[Event "EU-ch (Women) 25th"]
[Site "Rhodes"]
[Date "2025.04.10"]
[Round "10"]
[White "Dicen, Elis Denele"]
[Black "Jarocka, Liwia"]
[Result "1-0"]
[WhiteElo "2129"]
[BlackElo "2231"]
[PlyCount "97"]
[EventDate "2025.03.31"]
[EventType "swiss"]
[EventRounds "11"]
[EventCountry "GRE"]
[SourceTitle "CB16_2025"]
[SourceDate "2025.04.16"]
[SourceVersion "1"]
[SourceVersionDate "2025.04.16"]
[SourceQuality "1"]

1. Nf3 Nf6 2. g3 g6 3. Bg2 Bg7 4. 0-0 0-0 5. d4 a5 6. c4 d6 7. Nc3 Bf5 8. Nh4 Be6 9. b3 Qc8 10. Bb2 c5 11. d5 Bh3 12. Qc2 Bxg2 13. Kxg2 e5 14. e4 Ne8 15. Qe2 Qd8 16. Kh1 Nd7 17. Ng2 Nc7 18. Rae1 Qe7 19. Qd3 Rae8 20. f4 f5 21. exf5 gxf5 22. fxe5 Nxe5 23. Qc2 Qg5 24. Nh4 Ng4 25. Rxe8 Rxe8 26. Nxf5 Rf8 27. Ne4 Rxf5 28. Rxf5 Qxf5 29. Nf6+ Qxf6 30. Bxf6 Nxf6 31. Qf5 Nce8 32. Qc8 Kf8 33. Qxb7 Ne4 34. Qa7 Bc3 35. Qxh7 N8f6 36. Qc7 Bd4 37. Qxa5 Ng4 38. Qd8+ Kg7 39. Kg2 Ne3+ 40. Kf3 Nd2+ 41. Ke2 Nb1 42. a4 Nc3+ 43. Kd3 Ned1 44. a5 Nf2+ 45. Kd2 Nb1+ 46. Ke2 Nc3+ 47. Kf1 Nfd1 48. a6 Ne3+ 49. Ke1 1-0

[Event "EU-ch (Women) 25th"]
[Site "Rhodes"]
[Date "2025.03.31"]
[Round "1"]
[White "Fataliyeva, Ulviyya Hasil Qizi"]
[Black "Dicen, Elis Denele"]
[Result "1-0"]
[WhiteElo "2387"]
[BlackElo "2129"]
[PlyCount "69"]
[EventDate "2025.03.31"]
[EventType "swiss"]
[EventRounds "11"]
[EventCountry "GRE"]
[SourceTitle "CB16_2025"]
[SourceDate "2025.04.16"]
[SourceVersion "1"]
[SourceVersionDate "2025.04.16"]
[SourceQuality "1"]

1. Nf3 d5 2. g3 Nf6 3. Bg2 e6 4. c4 Be7 5. 0-0 0-0 6. d4 dxc4 7. Qa4 a6 8. Qxc4 b5 9. Qc2 Bb7 10. Bd2 Nbd7 11. Ba5 Rc8 12. Nbd2 Qe8 13. b4 Bd6 14. e4 e5 15. Rfe1 Qe7 16. a3 Rfe8 17. Rad1 c6 18. Nb3 Qf8 19. dxe5 Nxe5 20. Nxe5 Bxe5 21. Nc5 Re7 22. Bh3 Ra8 23. Nxb7 Rxb7 24. Qxc6 Rbb8 25. f4 Bb2 26. Qc2 Bxa3 27. Qb3 Bxb4 28. Bxb4 Qe8 29. e5 Nh5 30. e6 fxe6 31. Bxe6+ Kh8 32. Bf7 Qc6 33. Bxh5 a5 34. Bf3 Qb6+ 35. Qe3 1-0

[Event "Titled Tuesday intern op 04th Mar Early"]
[Site "Chess.com INT"]
[Date "2025.03.04"]
[Round "8"]
[White "Dicen, Elis Denele"]
[Black "Fedotov, Nikita1"]
[Result "1-0"]
[WhiteElo "2129"]
[BlackElo "2311"]
[PlyCount "155"]
[EventDate "2025.03.04"]
[EventType "swiss (blitz)"]
[EventRounds "11"]
[EventCountry "USA"]
[SourceTitle "CB11_2025"]
[SourceDate "2025.03.12"]
[SourceVersion "1"]
[SourceVersionDate "2025.03.12"]
[SourceQuality "1"]

1. e4 c5 2. Nf3 Nc6 3. Bb5 g6 4. 0-0 Bg7 5. Re1 e5 6. c3 Nge7 7. d4 cxd4 8. cxd4 exd4 9. Bf4 a6 10. Bc4 b5 11. Bb3 Na5 12. Nxd4 0-0 13. Nc3 Bb7 14. Bd6 Nxb3 15. axb3 Re8 16. e5 Nc8 17. Nc2 Nxd6 18. Qxd6 Re6 19. Qd4 Qg5 20. g3 Qf5 21. f4 Qxc2 22. Re2 Qxb3 23. Rae1 b4 24. Ne4 d6 25. Nxd6 Rxd6 26. Qxd6 Qf3 27. Qd4 Qh1+ 28. Kf2 Qf3+ 29. Kg1 Qh1+ 30. Kf2 Qg2+ 31. Ke3 Qf3+ 32. Kd2 Rc8 33. Qe3 Qd5+ 34. Qd3 Qa2 35. Ke3 Bf8 36. Rc2 Qa5 37. Rxc8 Bxc8 38. Rc1 Bf5 39. Qd4 Kg7 40. e6+ Kg8 41. exf7+ Kxf7 42. Qc4+ Be6 43. Qd4 Bg7 44. Qa7+ Kf6 45. Qd4+ Kf7 46. Qa7+ Kf6 47. Rc6 Qd5 48. Qxa6 Bf8 49. Qb6 Be7 50. g4 Kf7 51. Rc7 Qd1 52. Qa7 Qe1+ 53. Kd3 Qd1+ 54. Ke4 Qe1+ 55. Kd4 Bxg4 56. Kc4 Qe2+ 57. Kb3 Be6+ 58. Ka4 Qd3 59. Rxe7+ Kf6 60. Rc7 Qb3+ 61. Kb5 Qd5+ 62. Rc5 Qd3+ 63. Kxb4 Qb3+ 64. Ka5 Qxb2 65. Rb5 Qa2+ 66. Kb6 Qf2+ 67. Kb7 Qxf4 68. Qc5 Qe4+ 69. Kb6 h5 70. Qf8+ Bf7 71. Qd6+ Kg7 72. Rc5 Qb1+ 73. Kc7 Qg1 74. Qe5+ Kh7 75. Qf6 Bg8 76. Re5 Qc1+ 77. Kd8 Qd2+ 78. Ke8 1-0

[Event "Titled Tuesday intern op 04th Mar Early"]
[Site "Chess.com INT"]
[Date "2025.03.04"]
[Round "3"]
[White "Dicen, Elis Denele"]
[Black "Martinez Reyes, Pedro Ramon"]
[Result "0-1"]
[WhiteElo "2129"]
[BlackElo "2362"]
[PlyCount "70"]
[EventDate "2025.03.04"]
[EventType "swiss (blitz)"]
[EventRounds "11"]
[EventCountry "USA"]
[SourceTitle "CB11_2025"]
[SourceDate "2025.03.12"]
[SourceVersion "1"]
[SourceVersionDate "2025.03.12"]
[SourceQuality "1"]

1. e4 c5 2. Nf3 Nc6 3. Bb5 e5 4. c3 a6 5. Bxc6 dxc6 6. 0-0 Bd6 7. d4 cxd4 8. cxd4 exd4 9. Qxd4 f6 10. Nc3 Ne7 11. Rd1 Bc7 12. Qc4 Bd7 13. e5 fxe5 14. Bg5 Qc8 15. Bxe7 Kxe7 16. Qc5+ Kf6 17. Ne4+ Kg6 18. Nxe5+ Bxe5 19. Qxe5 h6 20. Qd6+ Be6 21. Nc5 Re8 22. Re1 Kf7 23. Rad1 Bd5 24. Qf4+ Kg8 25. Rxe8+ Qxe8 26. Nxb7 Qe2 27. Rc1 Re8 28. h3 Re6 29. Nc5 Rg6 30. g3 Rf6 31. Qe3 Qh5 32. h4 Qf5 33. Nd3 Qh3 34. Qe8+ Kh7 35. Nf4 Qh1# 0-1

[Event "Titled Tuesday intern op 04th Mar Early"]
[Site "Chess.com INT"]
[Date "2025.03.04"]
[Round "5"]
[White "Dicen, Elis Denele"]
[Black "Oluka, Robert Mcligeyo"]
[Result "1-0"]
[WhiteElo "2129"]
[BlackElo "2018"]
[PlyCount "63"]
[EventDate "2025.03.04"]
[EventType "swiss (blitz)"]
[EventRounds "11"]
[EventCountry "USA"]
[SourceTitle "CB11_2025"]
[SourceDate "2025.03.12"]
[SourceVersion "1"]
[SourceVersionDate "2025.03.12"]
[SourceQuality "1"]

1. d4 Nf6 2. c4 g6 3. h4 c5 4. d5 b5 5. cxb5 a6 6. e3 axb5 7. Bxb5 Ba6 8. Bxa6 Nxa6 9. Nc3 Bg7 10. Nf3 Qa5 11. Bd2 Rb8 12. 0-0 0-0 13. e4 d6 14. b3 Nb4 15. Qe2 Ng4 16. h5 Ne5 17. hxg6 fxg6 18. Nxe5 Bxe5 19. f4 Bd4+ 20. Kh2 Nc2 21. Rac1 Nb4 22. a4 Qd8 23. Nb5 Bg7 24. Bxb4 cxb4 25. Qg4 Kh8 26. Rc7 Rxb5 27. Rd7 Qb8 28. axb5 Qxb5 29. Rf3 h5 30. Qe6 Rf6 31. Qxe7 Qe2 32. Qxg7# 1-0

[Event "Titled Tuesday intern op 04th Mar Early"]
[Site "Chess.com INT"]
[Date "2025.03.04"]
[Round "10"]
[White "Venkatesh, Narayan"]
[Black "Dicen, Elis Denele"]
[Result "1/2-1/2"]
[WhiteElo "2203"]
[BlackElo "2129"]
[PlyCount "183"]
[EventDate "2025.03.04"]
[EventType "swiss (blitz)"]
[EventRounds "11"]
[EventCountry "USA"]
[SourceTitle "CB11_2025"]
[SourceDate "2025.03.12"]
[SourceVersion "1"]
[SourceVersionDate "2025.03.12"]
[SourceQuality "1"]

1. d4 d5 2. c4 e6 3. Nc3 Be7 4. cxd5 exd5 5. Bf4 c6 6. e3 Nf6 7. Bd3 0-0 8. h3 Nbd7 9. Nf3 a6 10. 0-0 Re8 11. Qc2 h6 12. Rab1 c5 13. dxc5 Nxc5 14. Bf5 Bxf5 15. Qxf5 Ne6 16. Be5 g6 17. Qd3 Nc5 18. Qd4 Ne6 19. Qd3 Nc5 20. Qc2 Rc8 21. Rbd1 Nce4 22. Qd3 Qa5 23. Nxd5 Nxd5 24. Qxd5 Qxd5 25. Rxd5 Rc2 26. Rd7 b5 27. Ra7 Nc5 28. Rd1 Bf8 29. Bd4 Ne4 30. Ne5 Rxf2 31. Nd3 Re2 32. Rf1 f5 33. Nf4 Rc2 34. Nxg6 Ng3 35. Rf3 Ne2+ 36. Kh2 Bd6+ 37. Nf4 Bxf4+ 38. Rxf4 Nxf4 39. exf4 Re4 40. Be5 Ree2 41. Rg7+ Kf8 42. Rg6 Kf7 43. Rg7+ Ke6 44. Rg3 Kd5 45. h4 a5 46. Kh3 b4 47. Rg8 a4 48. Rd8+ Ke6 49. Rd6+ Ke7 50. Rg6 Re3+ 51. Kh2 b3 52. axb3 axb3 53. Rxh6 Kf7 54. Rh7+ Kg6 55. Rg7+ Kh5 56. Rg5+ Kxh4 57. Bf6 Ree2 58. Rg6+ Kh5 59. Rg5+ Kh6 60. Rg3 Kh7 61. Bd4 Red2 62. Be5 Re2 63. Rg7+ Kh6 64. Rg3 Red2 65. Kh3 Re2 66. Kh2 Kh7 67. Rh3+ Kg6 68. Rg3+ Kf7 69. Rg7+ Ke6 70. Kh3 Kd5 71. g4 Re3+ 72. Kh4 Rh2+ 73. Kg5 fxg4 74. Rd7+ Ke4 75. Kxg4 Rg2+ 76. Kh4 Re1 77. Rd4+ Kf5 78. Rd3 Rh1+ 79. Rh3 Rxh3+ 80. Kxh3 Rc2 81. Kg3 Rc6 82. Kf3 Rc8 83. Ke3 Rc2 84. Kd3 Rc1 85. Kd2 Rc2+ 86. Kd3 Rc1 87. Kd2 Rc4 88. Kd3 Rc2 89. Ke3 Rc6 90. Kd3 Rc2 91. Ke3 Rc1 92. Kd2 1/2-1/2

[Event "Titled Tuesday intern op 25th Feb Early"]
[Site "Chess.com INT"]
[Date "2025.02.25"]
[Round "3"]
[White "Dicen, Elis Denele"]
[Black "Bardyk, Artem"]
[Result "0-1"]
[WhiteElo "2129"]
[BlackElo "2257"]
[PlyCount "144"]
[EventDate "2025.02.25"]
[EventType "swiss (blitz)"]
[EventRounds "11"]
[EventCountry "USA"]
[SourceTitle "CB10_2025"]
[SourceDate "2025.03.05"]
[SourceVersion "1"]
[SourceVersionDate "2025.03.05"]
[SourceQuality "1"]

1. d4 Nf6 2. c4 e6 3. Nf3 d5 4. Nc3 c5 5. cxd5 Nxd5 6. e4 Nxc3 7. bxc3 cxd4 8. cxd4 Bb4+ 9. Bd2 Bxd2+ 10. Qxd2 0-0 11. Be2 b6 12. 0-0 Bb7 13. Qe3 Nd7 14. a4 a5 15. Rfd1 Rc8 16. Rab1 h6 17. Bd3 Bc6 18. Bb5 Qc7 19. Rbc1 Qb7 20. Bxc6 Rxc6 21. Rb1 Rfc8 22. d5 Rc3 23. Qf4 exd5 24. exd5 R3c4 25. Qd6 Rxa4 26. Nd4 Qc7 27. Qe7 Nf6 28. Qxc7 Rxc7 29. d6 Rd7 30. Rxb6 Nd5 31. Rb8+ Kh7 32. Nf5 Nc3 33. Re1 Rf4 34. Ne7 Rxd6 35. g3 Re4 36. Rxe4 Nxe4 37. Ra8 Rd2 38. Rxa5 Nxf2 39. Nd5 Nh3+ 40. Kh1 Nf2+ 41. Kg1 Ng4 42. Nf4 Nxh2 43. Ra7 Nf3+ 44. Kf1 Nh2+ 45. Kg1 Nf3+ 46. Kf1 Ng5 47. Nh5 Kg6 48. Nf4+ Kf5 49. Nh5 g6 50. Ng7+ Kg4 51. Ra3 Rb2 52. Ke1 f5 53. Ne8 Nf3+ 54. Kf1 Nh2+ 55. Kg1 Nf3+ 56. Kf1 Ng5 57. Nf6+ Kh3 58. g4+ Kh2 59. gxf5 gxf5 60. Ra5 Ne4 61. Ke1 Nxf6 62. Rxf5 Rb1+ 63. Kd2 Ng4 64. Rh5+ Kg3 65. Ke2 Rb2+ 66. Kd3 Rh2 67. Rf5 h5 68. Rf8 h4 69. Rg8 h3 70. Ke4 Rf2 71. Rh8 h2 72. Rg8 Rf1 0-1

[Event "Titled Tuesday intern op 25th Feb Early"]
[Site "Chess.com INT"]
[Date "2025.02.25"]
[Round "2"]
[White "Dicen, Elis Denele"]
[Black "Horak, Martin"]
[Result "0-1"]
[WhiteElo "2129"]
[BlackElo "2354"]
[PlyCount "62"]
[EventDate "2025.02.25"]
[EventType "swiss (blitz)"]
[EventRounds "11"]
[EventCountry "USA"]
[SourceTitle "CB10_2025"]
[SourceDate "2025.03.05"]
[SourceVersion "1"]
[SourceVersionDate "2025.03.05"]
[SourceQuality "1"]

1. e4 e5 2. Nf3 Nc6 3. d4 exd4 4. Nxd4 Nf6 5. Nxc6 bxc6 6. Nd2 d5 7. exd5 cxd5 8. Bb5+ Bd7 9. Bxd7+ Qxd7 10. 0-0 Be7 11. Re1 0-0 12. b3 c5 13. Bb2 Rfd8 14. Qf3 a5 15. a4 Rab8 16. Rad1 Rb6 17. Nc4 Ra6 18. Ne5 Qc7 19. h3 Re6 20. Re2 Bf8 21. Rde1 Rde8 22. g3 Ne4 23. Ng4 Ng5 24. Qd3 c4 25. bxc4 dxc4 26. Qd1 Nf3+ 27. Kg2 Nxe1+ 28. Rxe1 Rxe1 29. Qd4 Qc6+ 30. f3 R8e2+ 31. Nf2 Qc5 0-1

[Event "Titled Tuesday intern op 25th Feb Early"]
[Site "Chess.com INT"]
[Date "2025.02.25"]
[Round "8"]
[White "Seder, Mohamad"]
[Black "Dicen, Elis Denele"]
[Result "1-0"]
[WhiteElo "2041"]
[BlackElo "2129"]
[PlyCount "79"]
[EventDate "2025.02.25"]
[EventType "swiss (blitz)"]
[EventRounds "11"]
[EventCountry "USA"]
[SourceTitle "CB10_2025"]
[SourceDate "2025.03.05"]
[SourceVersion "1"]
[SourceVersionDate "2025.03.05"]
[SourceQuality "1"]

1. d4 d5 2. Bf4 Nf6 3. e3 c5 4. Nf3 Nc6 5. c3 Bg4 6. Nbd2 cxd4 7. exd4 e6 8. Bd3 Bd6 9. Bxd6 Qxd6 10. 0-0 0-0 11. Re1 Rab8 12. a4 a6 13. Qc2 b5 14. axb5 axb5 15. Ra6 Qc7 16. Ne5 Nxe5 17. dxe5 Nd7 18. Bxh7+ Kh8 19. h3 Bh5 20. g4 Bg6 21. Bxg6 fxg6 22. Rxe6 Qc5 23. Nb3 Qa7 24. Rxg6 b4 25. e6 Nf6 26. Re5 Qc7 27. Rgg5 Ne4 28. Rxe4 dxe4 29. Qxe4 Rf6 30. Rh5+ Rh6 31. Rxh6+ gxh6 32. Nd4 bxc3 33. bxc3 Rf8 34. e7 Re8 35. Nf5 Qxc3 36. Qe6 Qa1+ 37. Kg2 Qa8+ 38. f3 h5 39. Qh6+ Kg8 40. Qg7# 1-0

[Event "BCF-chT2 2425 (4NCL)"]
[Site "England"]
[Date "2025.02.15"]
[Round "5.55"]
[White "Verbytski, Oleg"]
[Black "Dicen, Elis Denele"]
[Result "0-1"]
[WhiteElo "2111"]
[BlackElo "2129"]
[PlyCount "79"]
[EventDate "2024.11.23"]
[EventType "team-tourn"]
[EventRounds "11"]
[EventCountry "ENG"]
[SourceTitle "CB14_2025"]
[SourceDate "2024.11.01"]
[SourceVersion "1"]
[SourceVersionDate "2024.11.01"]
[SourceQuality "1"]
[WhiteTeam "Schach Attack"]
[BlackTeam "Warwicks Select"]
[WhiteTeamCountry "ENG"]
[BlackTeamCountry "ENG"]

1. e4 e5 2. Nf3 Nc6 3. Bc4 Nf6 4. d3 Bc5 5. c3 d6 6. 0-0 0-0 7. Re1 a6 8. d4 Ba7 9. h3 h6 10. Be3 Bd7 11. Nbd2 Qe7 12. d5 Nd8 13. Bxa7 Rxa7 14. Bd3 Nh5 15. Nf1 Nf4 16. Ng3 c6 17. c4 cxd5 18. cxd5 b5 19. b4 a5 20. bxa5 Rxa5 21. Ne2 Nxd3 22. Qxd3 Nb7 23. Nd2 Nc5 24. Qe3 Rfa8 25. Nc1 Ra3 26. Qe2 Qg5 27. Nf3 Qf4 28. Nd2 Bxh3 29. gxh3 Rxh3 30. Nf1 Ra4 31. f3 Rxf3 32. Qh2 Qf6 33. Nd2 Qg5+ 34. Kh1 Rf4 35. Rg1 Qf6 36. Rg3 Nxe4 37. Nxe4 Raxe4 38. Qc2 Rf1+ 39. Kg2 Ree1 40. Qh7+ 0-1

[Event "Titled Tuesday intern op 11th Feb Early"]
[Site "Chess.com INT"]
[Date "2025.02.11"]
[Round "3"]
[White "Attieh, Skye"]
[Black "Dicen, Elis Denele"]
[Result "0-1"]
[WhiteElo "1760"]
[BlackElo "2129"]
[PlyCount "52"]
[EventDate "2025.02.11"]
[EventType "swiss (blitz)"]
[EventRounds "11"]
[EventCountry "USA"]
[SourceTitle "CB08_2025"]
[SourceDate "2025.02.19"]
[SourceVersion "1"]
[SourceVersionDate "2025.02.19"]
[SourceQuality "1"]

1. e4 c5 2. Nc3 Nc6 3. g3 g6 4. Bg2 Bg7 5. d3 e6 6. f4 Nge7 7. Nf3 d6 8. 0-0 0-0 9. Be3 Rb8 10. a4 a6 11. Qd2 b5 12. axb5 axb5 13. Rab1 b4 14. Ne2 Ba6 15. g4 f5 16. h3 Qd7 17. Ng3 c4 18. exf5 exf5 19. dxc4 fxg4 20. hxg4 Qxg4 21. Ne4 Bxc4 22. Rf2 Bd5 23. Nxd6 Rbd8 24. Ne5 Nxe5 25. fxe5 Rxf2 26. Qxf2 Bxe5 0-1

[Event "Titled Tuesday intern op 11th Feb Early"]
[Site "Chess.com INT"]
[Date "2025.02.11"]
[Round "10"]
[White "Dicen, Elis Denele"]
[Black "Bartakke, Aditya"]
[Result "1-0"]
[WhiteElo "2129"]
[BlackElo "2116"]
[PlyCount "83"]
[EventDate "2025.02.11"]
[EventType "swiss (blitz)"]
[EventRounds "11"]
[EventCountry "USA"]
[SourceTitle "CB09_2025"]
[SourceDate "2025.02.27"]
[SourceVersion "1"]
[SourceVersionDate "2025.02.27"]
[SourceQuality "1"]

1. e4 c5 2. Nf3 d6 3. Bb5+ Bd7 4. Bxd7+ Qxd7 5. 0-0 Nc6 6. Re1 g6 7. c3 Bg7 8. d4 cxd4 9. cxd4 d5 10. exd5 Qxd5 11. Nc3 Qa5 12. d5 Nb8 13. d6 e6 14. Nd5 Nd7 15. Nc7+ Kf8 16. Nxa8 Ngf6 17. Bd2 Qd8 18. Nc7 h5 19. Rxe6 Kg8 20. Re1 Nb6 21. Bc3 Nc4 22. Nd5 Nxd6 23. Nxf6+ Bxf6 24. Bxf6 Qxf6 25. Rc1 Kh7 26. Qd4 Qxd4 27. Nxd4 Rd8 28. h3 Kg7 29. b3 Kf6 30. Nf3 Nf5 31. Red1 Re8 32. Rc7 Re2 33. Rxb7 Rxa2 34. Rdd7 Nh6 35. Rxa7 Rb2 36. Ra6+ Kg7 37. Rb7 Nf5 38. b4 h4 39. b5 Ng3 40. fxg3 hxg3 41. Ra1 g5 42. Nxg5 1-0